| 000 | 01352nam a2200325 a 4500 | ||
|---|---|---|---|
| 001 | 000013927 | ||
| 003 | DO-SdBNP | ||
| 005 | 20241030141145.0 | ||
| 007 | ta | ||
| 008 | 091202s1998 dr ac 000 e spa d | ||
| 040 |
_aDO-SdBNP _bspa _cBNPHU |
||
| 082 | 4 |
_a577.097293 _bD841y _222 |
|
| 100 | 1 |
_aDucoudray Mansfield, Félix Servio, _d1924-1989 _931557 |
|
| 245 | 1 | 0 |
_aYo, despues de las gaviotas / _cFélix Servio Ducoudray ; prólogo María Ugarte. |
| 260 |
_aSanto Domingo : _bSomos Artes Gráficas, _c1998. |
||
| 300 |
_a204 p. : _bil., retrs. ; _c21 cm. |
||
| 500 | _aIncluye datos biográficos del autor en la contracubierta | ||
| 500 | _aIncluye índice de palabras latinas | ||
| 505 | 0 | _aReportajes periodísticos publicados en el suplemento sabatino del periódico El Caribe | |
| 590 | _aInventariado, 2020/MFF | ||
| 650 | 4 |
_aEcología _zRepública Dominicana _vEnsayos, conferencias, etc. _931558 |
|
| 650 | 4 |
_aReportajes _zRepública Dominicana _931559 |
|
| 650 | 4 |
_aParques naturales _zRepública Dominicana _vEnsayos, conferencias, etc. _931560 |
|
| 650 | 0 |
_aLiteratura dominicana. _967 |
|
| 651 | 4 |
_aRepública Dominicana _xDescripciones Y Viajes _91651 |
|
| 700 | 1 |
_aUgarte, María _d1914-2011 _epról. _924078 |
|
| 710 | 2 |
_aEl Caribe (República Dominicana) _931561 |
|
| 910 | _aValidado. Control de calidad EMS | ||
| 942 |
_2ddc _cLBS1 |
||
| 999 |
_c13532 _d13532 |
||